000 00828nam a2200241Ia 4500
001 9473
003 GE_BSU
008 181216s||||||||xx |||||||||||||| ||und||
020 _a9941143113
040 _cGE_BSU
080 _a621.397(075.8)
100 _aნანობაშვილი,ვ.
245 _aბოჭკოვან–ოპტიკური ტელეკომუნიკაცია
245 _bსახელმძღვანელო
260 _aთბილისი
260 _bტექნიკური უნ–ტი
260 _c2009
300 _a132გვ.ცხრ.20სმ.
300 _eბიბლიოგრ. გვ. 132
541 _h12ლ.
653 _aბოჭკოვან–ოპტიკური ტელეკომუნიკაცია
942 _cBK
999 _c42767
_d42767